[Event "Lima IRT"]
[Site "Lima"]
[Date "2013.??.??"]
[Round "5"]
[White "Padilla, Hugo"]
[Black "Quirhuayo Chumbe, German Gonzalo"]
[Result "0-1"]
[WhiteElo "2206"]
[BlackElo "1784"]
[PlyCount "108"]
[EventDate "2013.10.13"]
[EventType "tourn"]
[EventRounds "11"]
[EventCountry "PER"]
[SourceTitle "EXT 2014"]
[Source "ChessBase"]
[SourceDate "2013.11.20"]
[SourceVersion "1"]
[SourceVersionDate "2013.11.20"]
[SourceQuality "1"]

1. d4 Nf6 2. c4 c5 3. d5 b5 4. cxb5 a6 5. bxa6 g6 6. Nc3 Bxa6 7. f4 Bg7 8. Nf3 0-0 9. e4 Bxf1 10. Rxf1 Qb6 11. Qe2 e6 12. dxe6 fxe6 13. e5 Nd5 14. Nxd5 exd5 15. Qd3 d4 16. b4 Qxb4+ 17. Bd2 Qa4 18. Ng5 Qa6 19. Qxa6 Nxa6 20. Rc1 Rae8 21. Kd1 Rxe5 22. Rf3 Rd5 23. Ra3 Rd6 24. Rc4 Rc6 25. Rca4 Nc7 26. Rb3 h6 27. Nf3 c4 28. Rb7 c3 29. Nxd4 Bxd4 30. Rxd4 cxd2 31. Rxd7 Ne6 32. g3 Ra8 33. Rxd2 Rca6 34. Re7 Nf8 35. Ree2 Kf7 36. Kc1 Ne6 37. Rd7+ Kf6 38. Kb1 Nc5 39. Rc7 Nd3 40. Rb7 Rc6 41. Rc2 Rac8 42. Rxc6+ Rxc6 43. a4 Ra6 44. Kc2 Nc5 45. Rb5 Nxa4 46. Kb3 Nb6 47. g4 Nd7 48. g5+ hxg5 49. fxg5+ Ke6 50. Kc3 Ra3+ 51. Kd4 Ra4+ 52. Ke3 Rh4 53. Rb2 Ne5 54. Rg2 Rxh2 0-1

[Event "Lima Morales Memorial op 2nd"]
[Site "Lima"]
[Date "2012.01.21"]
[Round "2"]
[White "Padilla, Hugo"]
[Black "Cori Quispe, Kevin Joel"]
[Result "1-0"]
[WhiteElo "2237"]
[BlackElo "1990"]
[PlyCount "59"]
[EventDate "2012.01.21"]
[EventType "swiss"]
[EventRounds "9"]
[EventCountry "PER"]
[SourceTitle "EXT 2014"]
[Source "ChessBase"]
[SourceDate "2013.11.20"]
[SourceVersion "1"]
[SourceVersionDate "2013.11.20"]
[SourceQuality "1"]

1. d4 Nf6 2. c4 g6 3. Nc3 d5 4. cxd5 Nxd5 5. e4 Nxc3 6. bxc3 Bg7 7. Be3 c5 8. Qd2 0-0 9. Rb1 a6 10. Nf3 Qa5 11. Be2 Rd8 12. 0-0 Nc6 13. Rfd1 b5 14. Qc2 cxd4 15. cxd4 Bb7 16. d5 Ne5 17. Nxe5 Bxe5 18. Bg4 Bc8 19. Qe2 Bxg4 20. Qxg4 Rac8 21. Bg5 Qa3 22. f4 Bd4+ 23. Kh1 Rc4 24. f5 Be5 25. fxg6 hxg6 26. Rb3 Qa4 27. Bxe7 Rxe4 28. Qh3 Qa5 29. Rf1 Rf4 30. Rbf3 1-0

[Event "Callao op"]
[Site "Callao"]
[Date "2007.08.11"]
[Round "5"]
[White "Uria, Javier"]
[Black "Padilla, Hugo"]
[Result "0-1"]
[WhiteElo "2304"]
[BlackElo "2194"]
[PlyCount "110"]
[EventDate "2007.08.08"]
[EventType "swiss"]
[EventRounds "9"]
[EventCountry "PER"]
[SourceTitle "CBM 119 Extra"]
[Source "ChessBase"]
[SourceDate "2007.09.04"]
[SourceVersion "1"]
[SourceVersionDate "2007.09.04"]
[SourceQuality "1"]

1. d4 Nf6 2. Nf3 c5 3. c3 e6 4. Bg5 d5 5. e3 Nbd7 6. Nbd2 Be7 7. Bd3 0-0 8. Ne5 Nxe5 9. dxe5 Nd7 10. Bf4 f5 11. h4 c4 12. Bc2 b5 13. g4 Nc5 14. gxf5 exf5 15. Nf3 Ne6 16. Nd4 Nxd4 17. exd4 b4 18. Qf3 a5 19. Qg3 Ra6 20. h5 a4 21. Rg1 Rf7 22. a3 bxa3 23. bxa3 Qf8 24. Qg2 Bxa3 25. Rb1 Be6 26. h6 g6 27. Ke2 Be7 28. Ra1 a3 29. Rgb1 Qa8 30. Ra2 Bf8 31. Qg5 Rb7 32. Rxb7 Qxb7 33. Bc1 Be7 34. Qg3 Kf7 35. Bg5 Bf8 36. Qh4 Bd7 37. Bc1 Bb5 38. Qd8 Qd7 39. Qh4 Be7 40. Bg5 Bf8 41. Qh1 Ba4 42. Bxa4 Rxa4 43. Qd1 Ke6 44. Qb1 Qc7 45. Qb5 Ra8 46. Bc1 Rb8 47. Qa4 Qb7 48. Qc2 Qb3 49. Kd1 Be7 50. f3 g5 51. Ke2 Qxc2+ 52. Rxc2 f4 53. Ra2 Rb3 54. Kd2 Kf5 55. Kc2 Kg6 0-1

[Event "Lima Castaneda Memorial op"]
[Site "Lima"]
[Date "2007.03.23"]
[Round "5"]
[White "Padilla, Hugo"]
[Black "Alvarado, Luis"]
[Result "1/2-1/2"]
[WhiteElo "2195"]
[BlackElo "1972"]
[PlyCount "163"]
[EventDate "2007.03.19"]
[EventType "swiss"]
[EventRounds "7"]
[EventCountry "PER"]
[SourceTitle "CBM 117 Extra"]
[Source "ChessBase"]
[SourceDate "2007.05.09"]
[SourceVersion "1"]
[SourceVersionDate "2007.05.09"]
[SourceQuality "1"]

1. e4 c5 2. Nf3 Nc6 3. Bb5 g6 4. 0-0 Bg7 5. Re1 Nf6 6. c3 0-0 7. d4 cxd4 8. cxd4 d5 9. e5 Ne4 10. Nc3 Nxc3 11. bxc3 Qc7 12. Bd3 Na5 13. Bg5 f6 14. exf6 exf6 15. Bh4 Bd7 16. Bg3 Qc8 17. Bd6 Re8 18. Bb4 Nc6 19. Ba3 Rxe1+ 20. Qxe1 Bg4 21. Qe3 Qe6 22. Qf4 Qd7 23. Re1 Be6 24. h4 Bf7 25. Bb5 Re8 26. Rxe8+ Bxe8 27. Bc5 a6 28. Ba4 Bf7 29. g4 b5 30. Bc2 h6 31. g5 hxg5 32. hxg5 f5 33. a4 Nd8 34. axb5 axb5 35. Bd3 Be8 36. Qb8 Nf7 37. Kg2 Qc6 38. Qf4 Qc8 39. Nh4 Nd8 40. Bxf5 gxf5 41. Nxf5 Nc6 42. Nxg7 Kxg7 43. Qf6+ Kg8 44. Qf8+ Kh7 45. Kg3 Qe6 46. Qf4 Bd7 47. Qh4+ Kg8 48. Qh5 Be8 49. Qf3 Qf7 50. Qe2 Qg6 51. f4 Bd7 52. Qxb5 Qe4 53. Qf1 Qe3+ 54. Kh4 Qxc3 55. Qg2 Kg7 56. Qg3 Qxg3+ 57. Kxg3 Bf5 58. Kf3 Nd8 59. Bd6 Ne6 60. Be5+ Kf7 61. Kg3 Kg6 62. Bf6 Bc2 63. Kf3 Kf5 64. Be5 Nf8 65. Ke3 Kg4 66. Bd6 Ng6 67. Bb8 Bf5 68. Bd6 Kg3 69. Be5 Kg2 70. Bd6 Nh4 71. Kd2 Kf3 72. Kc3 Ng6 73. Kb4 Nxf4 74. Kc5 Be6 75. Be5 Ng6 76. Kd6 Bf7 77. Bg7 Ke4 78. Bf6 Kf5 79. Bd8 Nh4 80. Ke7 Bg6 81. Kd6 Ke4 82. Bf6 1/2-1/2

[Event "Lima Castaneda Memorial op"]
[Site "Lima"]
[Date "2007.03.22"]
[Round "4"]
[White "Pacheco, Marco"]
[Black "Padilla, Hugo"]
[Result "1-0"]
[WhiteElo "2362"]
[BlackElo "2195"]
[PlyCount "89"]
[EventDate "2007.03.19"]
[EventType "swiss"]
[EventRounds "7"]
[EventCountry "PER"]
[SourceTitle "CBM 117 Extra"]
[Source "ChessBase"]
[SourceDate "2007.05.09"]
[SourceVersion "1"]
[SourceVersionDate "2007.05.09"]
[SourceQuality "1"]

1. d4 Nf6 2. Nf3 c5 3. d5 d6 4. Nc3 Qa5 5. Bd2 b5 6. a3 Qb6 7. e4 a6 8. Be2 g6 9. 0-0 Bg7 10. e5 dxe5 11. Nxe5 0-0 12. Bf3 Bb7 13. Be3 Qc7 14. Bf4 Nh5 15. Bxh5 Bxe5 16. Bxe5 Qxe5 17. Bf3 Nd7 18. Re1 Qf6 19. Qe2 Rfe8 20. Qe3 c4 21. Rad1 Rad8 22. Rd4 e6 23. Ne4 Qe5 24. dxe6 Rxe6 25. Qd2 Bc6 26. Re3 Qc7 27. Nc5 Rxe3 28. fxe3 Bxf3 29. Nxd7 Bb7 30. Nf6+ Kg7 31. Rxd8 Kxf6 32. Qd6+ Qxd6 33. Rxd6+ Ke7 34. Rb6 Bc8 35. a4 bxa4 36. Rc6 c3 37. Rxc3 Bd7 38. e4 Kd6 39. Kf2 f5 40. exf5 Bxf5 41. Rc4 Bd7 42. Ke3 Bb5 43. Rh4 h5 44. Kd4 Bc6 45. g4 1-0

[Event "Pan American-ch"]
[Site "Washington DC"]
[Date "2006.12.29"]
[Round "4"]
[White "Arni, Julian Kirsten"]
[Black "Padilla, Hugo"]
[Result "1-0"]
[WhiteElo "2161"]
[BlackElo "2230"]
[PlyCount "93"]
[EventDate "2006.12.27"]
[EventType "swiss"]
[EventRounds "6"]
[EventCountry "USA"]
[SourceTitle "CBM 116 Extra"]
[Source "ChessBase"]
[SourceDate "2007.03.07"]
[SourceVersion "1"]
[SourceVersionDate "2007.03.07"]
[SourceQuality "1"]

1. e4 c5 2. Nf3 Nc6 3. c4 g6 4. d4 cxd4 5. Nxd4 Bg7 6. Be3 Nf6 7. Nc3 d6 8. Be2 0-0 9. 0-0 Bd7 10. f4 Qb6 11. Na4 Qd8 12. Nc3 e5 13. Ndb5 a6 14. Nxd6 exf4 15. Bc5 Qb8 16. Rxf4 Rd8 17. Qf1 Be6 18. Rd1 Nd7 19. Ba3 Be5 20. Rxf7 Bxf7 21. Qxf7+ Kh8 22. Qe6 Nd4 23. Qd5 Nxe2+ 24. Nxe2 Qa7+ 25. Kh1 Bxd6 26. Bxd6 Nf6 27. Qe5 Qf2 28. Nf4 Rxd6 29. Qxd6 Qxb2 30. Nd3 Qc3 31. Rf1 Ng8 32. Ne5 Re8 33. Nf7+ Kg7 34. Ng5 Re7 35. Qd8 Kh6 36. h4 Qxc4 37. Qf8+ Kh5 38. Qf3+ Kh6 39. Qf4 Kg7 40. Qf8+ Kh8 41. Nf7+ Rxf7 42. Rxf7 Qc3 43. Rf1 Qc4 44. Qf4 Kg7 45. Rc1 Qb4 46. Qe5+ Kh6 47. Qg5+ 1-0

[Event "Pan American-ch"]
[Site "Washington DC"]
[Date "2006.12.28"]
[Round "3"]
[White "Padilla, Hugo"]
[Black "Ramirez Alvarez, Alejandro"]
[Result "0-1"]
[WhiteElo "2230"]
[BlackElo "2566"]
[PlyCount "60"]
[EventDate "2006.12.27"]
[EventType "swiss"]
[EventRounds "6"]
[EventCountry "USA"]
[SourceTitle "CBM 116 Extra"]
[Source "ChessBase"]
[SourceDate "2007.03.07"]
[SourceVersion "1"]
[SourceVersionDate "2007.03.07"]
[SourceQuality "1"]

1. d4 Nf6 2. c4 c5 3. d5 b5 4. cxb5 a6 5. bxa6 g6 6. Nc3 Bxa6 7. f4 Qa5 8. Nf3 Bg7 9. Bd2 0-0 10. e4 Bxf1 11. Rxf1 d6 12. e5 dxe5 13. fxe5 Nfd7 14. Qe2 Qa6 15. Qe3 Nb6 16. Qxc5 N8d7 17. Qd4 Nc4 18. Bf4 Nxb2 19. Kf2 Qd3 20. Rad1 Nxd1+ 21. Rxd1 Qxd4+ 22. Rxd4 Rfc8 23. Ne4 Rxa2+ 24. Kg3 Ra3 25. Kh4 f6 26. exf6 exf6 27. Nd6 Rc2 28. Kh3 g5 29. Rd2 Rxd2 30. Bxd2 h5 0-1

[Event "Benidorm op U2300 05th"]
[Site "Benidorm"]
[Date "2006.12.09"]
[Round "9"]
[White "Ballesteros Gonzalez, David"]
[Black "Padilla, Hugo"]
[Result "0-1"]
[WhiteElo "2217"]
[BlackElo "2195"]
[PlyCount "65"]
[EventDate "2006.12.01"]
[EventType "swiss"]
[EventRounds "9"]
[EventCountry "ESP"]
[SourceTitle "CBM 115 Extra"]
[Source "ChessBase"]
[SourceDate "2007.01.10"]
[SourceVersion "1"]
[SourceVersionDate "2007.01.10"]
[SourceQuality "1"]

1. d4 Nf6 2. Nf3 c5 3. d5 e6 4. c4 exd5 5. cxd5 d6 6. Nc3 g6 7. e4 Bg7 8. Be2 0-0 9. 0-0 Re8 10. Qc2 Nbd7 11. h3 a6 12. a4 Qe7 13. Re1 Ne5 14. Be3 Nxf3+ 15. Bxf3 Nd7 16. a5 Ne5 17. Be2 g5 18. Qd2 h6 19. f4 gxf4 20. Bxf4 Qf6 21. Rf1 Qg6 22. Kh1 f5 23. Rae1 fxe4 24. Qd1 Bf5 25. Bh5 Qh7 26. Bxe8 Rxe8 27. Qa4 Rf8 28. Bxe5 Bxe5 29. g4 Bg6 30. Rxf8+ Kxf8 31. Nxe4 Qf7 32. Qd1 Qf4 33. Qc2 0-1

[Event "PER Grand Prix 1st"]
[Site "Lima"]
[Date "2004.??.??"]
[Round "5"]
[White "Oblitas Guerrero, Carlomagno"]
[Black "Padilla, Hugo"]
[Result "1-0"]
[WhiteElo "2404"]
[BlackElo "2171"]
[PlyCount "71"]
[EventDate "2004.04.12"]
[EventType "swiss"]
[EventRounds "9"]
[EventCountry "PER"]
[SourceTitle "EXT 2005"]
[Source "ChessBase"]
[SourceDate "2004.11.15"]
[SourceVersion "1"]
[SourceVersionDate "2004.11.15"]
[SourceQuality "1"]

1. e4 d6 2. d4 Nf6 3. Nc3 g6 4. Be3 c6 5. Qd2 b5 6. f3 Nbd7 7. a4 b4 8. Nd1 a5 9. Bd3 Qc7 10. c3 Rb8 11. Ne2 e5 12. 0-0 Bg7 13. Bh6 0-0 14. Bxg7 Kxg7 15. Ne3 d5 16. Rac1 Qd6 17. Kh1 bxc3 18. bxc3 Re8 19. Ng3 Kh8 20. exd5 cxd5 21. Bb5 Re6 22. c4 dxc4 23. Bxc4 Re8 24. Rfd1 Rb4 25. Bxf7 Rf8 26. Nc4 Qxd4 27. Qe1 Qa7 28. Be6 Re8 29. Bh3 Ba6 30. Nxa5 Rxa4 31. Nc6 Qb7 32. Bxd7 Nxd7 33. Ne4 Re6 34. Nd8 Qb6 35. Nxe6 Qxe6 36. Rxd7 1-0

[Event "Arequipa Grand Prix 1st"]
[Site "Arequipa"]
[Date "2003.??.??"]
[Round "?"]
[White "Padilla, Hugo"]
[Black "Zambrana, Oswaldo"]
[Result "0-1"]
[WhiteElo "2193"]
[BlackElo "2384"]
[PlyCount "132"]
[EventDate "2003.02.02"]
[EventType "tourn"]
[EventRounds "9"]
[EventCountry "PER"]
[EventCategory "4"]
[SourceTitle "EXT 2004"]
[Source "ChessBase"]
[SourceDate "2003.11.25"]
[SourceVersion "1"]
[SourceVersionDate "2003.11.25"]
[SourceQuality "1"]

1. d4 Nf6 2. c4 e6 3. Nf3 b6 4. g3 Ba6 5. b3 Bb4+ 6. Bd2 Be7 7. Bg2 c6 8. 0-0 d5 9. Ne5 Nfd7 10. Nxd7 Nxd7 11. Bc3 0-0 12. Nd2 Rc8 13. Re1 c5 14. cxd5 exd5 15. e4 cxd4 16. Bxd4 Bc5 17. Bxc5 Nxc5 18. exd5 Nd3 19. Re3 Nb4 20. Nc4 Bxc4 21. bxc4 Rxc4 22. Rc1 Rxc1 23. Qxc1 g6 24. Qd2 Qd6 25. a3 Na6 26. Qd3 Nc5 27. Qb5 Rc8 28. Re8+ Rxe8 29. Qxe8+ Kg7 30. Qc6 Qxc6 31. dxc6 Na6 32. Kf1 f6 33. Ke2 Kf7 34. Kd3 Ke7 35. Kc4 Kd6 36. a4 Nc7 37. h4 a6 38. Kb4 Ne6 39. Bf1 a5+ 40. Kb5 Kc7 41. Bg2 Nd4+ 42. Kc4 Nxc6 43. Kd5 Nd8 44. Bh3 Nb7 45. Bf1 Nd6 46. Bd3 Kd7 47. f3 Nf5 48. Bb5+ Kc7 49. Be8 Nxg3 50. Ke6 Nf5 51. Kxf6 Nxh4 52. f4 Kd6 53. Kg5 Ng2 54. Bf7 Kc5 55. Be8 Kb4 56. Bc6 h6+ 57. Kg4 Ne3+ 58. Kf3 Kc5 59. Be8 Nf5 60. Kg4 Ne7 61. Kf3 g5 62. fxg5 hxg5 63. Kg4 Kb4 64. Kxg5 Nd5 65. Kf5 Nc3 66. Ke5 Nxa4 0-1

[Event "PER-ch U26"]
[Site "Lima"]
[Date "2002.??.??"]
[Round "7"]
[White "Padilla, Hugo"]
[Black "Cerron, Roberto"]
[Result "1-0"]
[WhiteElo "2215"]
[BlackElo "2047"]
[PlyCount "91"]
[EventDate "2002.??.??"]
[EventType "swiss"]
[EventRounds "7"]
[EventCountry "PER"]
[SourceTitle "EXT 2003"]
[Source "ChessBase"]
[SourceDate "2002.11.25"]
[SourceVersion "1"]
[SourceVersionDate "2002.11.25"]
[SourceQuality "1"]

1. d4 d5 2. c4 dxc4 3. Nf3 Nf6 4. Nc3 e6 5. e3 a6 6. a4 b6 7. Bxc4 Bb7 8. 0-0 Nbd7 9. Qe2 c5 10. Rd1 Qc7 11. e4 cxd4 12. Nxd4 Bc5 13. Nb3 Bd6 14. h3 0-0 15. Bg5 h6 16. Bxf6 Nxf6 17. Rac1 Be5 18. Nd2 Rfd8 19. Bd3 Qd7 20. Nc4 Qc7 21. a5 bxa5 22. Na4 Rab8 23. Ncb6 Qe7 24. Nc4 Bf4 25. Ra1 Qb4 26. e5 Ne8 27. Nc3 Bd5 28. Ra4 Qe7 29. g3 Bg5 30. h4 Bxh4 31. gxh4 Qxh4 32. Nxd5 exd5 33. Nb6 d4 34. Nc4 Nc7 35. Qe4 Qxe4 36. Bxe4 Rb4 37. Rxb4 axb4 38. Nd6 Ne6 39. Bd5 Kf8 40. Bxe6 fxe6 41. Rxd4 Rb8 42. Rf4+ Kg8 43. Rf7 Kh7 44. Ra7 Rb6 45. f3 h5 46. Re7 1-0

[Event "Pan American-ch U20"]
[Site "Yucay"]
[Date "2001.07.16"]
[Round "11"]
[White "Padilla, Hugo"]
[Black "Aucay Pelaez, Mauro"]
[Result "0-1"]
[WhiteElo "2186"]
[BlackElo "2164"]
[PlyCount "96"]
[EventDate "2001.07.07"]
[EventType "swiss"]
[EventRounds "11"]
[EventCountry "PER"]
[SourceTitle "EXT 2022"]
[Source "ChessBase"]
[SourceDate "2021.10.06"]
[SourceVersion "1"]
[SourceVersionDate "2021.10.06"]
[SourceQuality "1"]

1. d4 d5 2. g3 Nf6 3. Bg2 c6 4. Nf3 Bg4 5. 0-0 e6 6. c4 Be7 7. Nbd2 0-0 8. h3 Bh5 9. g4 Bg6 10. Ne5 Nbd7 11. Nxg6 hxg6 12. e4 dxe4 13. Nxe4 Nxe4 14. Bxe4 Nb6 15. b3 Bf6 16. Be3 Qc7 17. Qf3 Rad8 18. Rad1 Qe7 19. a4 Nc8 20. Rfe1 Bg5 21. d5 cxd5 22. cxd5 Bxe3 23. Rxe3 e5 24. Qe2 Nd6 25. Bg2 Rfe8 26. Re1 f6 27. f4 e4 28. Bxe4 Nxe4 29. Rxe4 Qc5+ 30. Qf2 Rxe4 31. Qxc5 Rxe1+ 32. Kg2 Rd1 33. Qc2 R8xd5 34. Qxg6 Kf8 35. Qe4 R5d3 36. Qb4+ Kg8 37. h4 Rd4 38. Qc3 R1d2+ 39. Kf1 Rxf4+ 40. Ke1 Rd8 41. Qe3 Rfd4 42. g5 Kf7 43. Qf3 Rd1+ 44. Qxd1 Rxd1+ 45. Kxd1 fxg5 46. hxg5 Kg6 47. Kd2 Kxg5 48. Kd3 Kf4 0-1

[Event "Pan American-ch U20"]
[Site "Yucay"]
[Date "2001.07.15"]
[Round "10"]
[White "Alvarez Marquez, Johan"]
[Black "Padilla, Hugo"]
[Result "1-0"]
[WhiteElo "2382"]
[BlackElo "2186"]
[PlyCount "73"]
[EventDate "2001.07.07"]
[EventType "swiss"]
[EventRounds "11"]
[EventCountry "PER"]
[SourceTitle "EXT 2002"]
[Source "ChessBase"]
[SourceDate "2001.11.25"]
[SourceVersion "1"]
[SourceVersionDate "2001.11.25"]
[SourceQuality "1"]

1. d4 Nf6 2. Nf3 g6 3. c4 c5 4. d5 e6 5. Nc3 exd5 6. cxd5 d6 7. e4 Bg7 8. Be2 0-0 9. 0-0 Re8 10. Qc2 Na6 11. Re1 Bg4 12. Bf4 Nh5 13. Be3 f5 14. h3 Bxf3 15. Bxf3 f4 16. Bd2 Qh4 17. Nb5 Be5 18. Bc3 Qf6 19. Bxh5 gxh5 20. Qe2 Qh6 21. Qf3 Rad8 22. Rac1 Rd7 23. Nxa7 Rg7 24. Nb5 Nb8 25. Bxe5 Rxe5 26. Kh1 Nd7 27. b4 Qf6 28. bxc5 dxc5 29. Nc7 Qg6 30. Ne6 Rxe6 31. dxe6 Qxe6 32. Qb3 Qxb3 33. axb3 Kf7 34. Red1 Ke7 35. Rd5 h4 36. Rcd1 Kd8 37. Rxc5 1-0